[Event "Flint (MEX/1)"]
[Site "?"]
[Date "1993.??.??"]
[Round "?"]
[White "Koster, Ed"]
[Black "Clark, K."]
[Result "1/2-1/2"]
[WhiteElo "2100"]
[BlackElo "2010"]
[PlyCount "83"]
[EventDate "1993.??.??"]

1. Nf3 d5 2. d4 Nf6 3. c4 e6 4. g3 Be7 5. Bg2 O-O 6. O-O Nbd7 7. Qc2 dxc4 8.
Qxc4 c5 9. Rd1 Qb6 10. Nc3 cxd4 11. Nxd4 Nc5 12. b3 e5 13. Nf3 Be6 14. Qb5 Qc7
15. Ng5 Bd7 16. Qc4 h6 17. Nge4 Be6 18. Nxf6+ Bxf6 19. Nd5 Bxd5 20. Bxd5 Rac8
21. Be3 b6 22. Rac1 Qe7 23. b4 Ne6 24. Qxc8 Rxc8 25. Rxc8+ Nd8 26. Rxd8+ Qxd8
27. Bxf7+ Kxf7 28. Rxd8 Bxd8 29. Kg2 Ke6 30. Kf3 Kd5 31. Kg4 Kc4 32. Bd2 g6 33.
h4 h5+ 34. Kf3 Kd4 35. Bg5 Bc7 36. Bf6 Bd6 37. b5 Kd5 38. Ke3 Bc5+ 39. Kf3 Bd6
40. e4+ Kd4 41. Bg7 Be7 42. Bh6 1/2-1/2

[Event "East Lansing (MOR/7/30)"]
[Site "?"]
[Date "1993.??.??"]
[Round "?"]
[White "Koernke, R."]
[Black "Spencer, Gordon"]
[Result "1-0"]
[WhiteElo "1605"]
[BlackElo "1605"]
[PlyCount "105"]
[EventDate "1993.??.??"]

{7/(30)} 1. d4 Nf6 2. c4 c5 3. Nf3 g6 4. Nc3 Bg7 5. dxc5 b6 6. cxb6 axb6 7. e4
d6 8. Be2 O-O 9. O-O Nbd7 10. Qc2 Bb7 11. Be3 Ng4 12. Bd4 e5 13. Be3 Nxe3 14.
fxe3 Bh6 15. Kf2 f5 16. Bd3 f4 17. exf4 Bxf4 18. Kg1 Kh8 19. b4 Nf6 20. Qe2 Bc8
21. h3 Nh5 22. Rfb1 b5 23. Nd5 Ng3 24. Qe1 bxc4 25. Nxf4 Qb6+ 26. Kh2 cxd3 27.
Nxd3 Nh5 28. a4 Bb7 29. b5 Ra5 30. Nc1 Qa7 31. Rb4 Qb6 32. Nb3 Raa8 33. a5 Qc7
34. a6 Bc8 35. b6 Qf7 36. b7 Bxb7 37. axb7 Rae8 38. Na5 Qd7 39. Qc3 Nf4 40. Nc6
Qc7 41. Rab1 Rb8 42. Qc4 Nd3 43. Rb6 Nf4 44. Qa4 Qd7 45. Qa6 Nxh3 46. Nxb8 Qg4
47. Qe2 Nf4 48. Qf2 Rxb8 49. Qg3 Qd7 50. Qg5 Kg7 51. Nxe5 Qe6 52. Nc6 Qxe4 53.
Qe7+ 1-0

[Event "East Lansing (MOR/1b/20)"]
[Site "?"]
[Date "1993.??.??"]
[Round "?"]
[White "Koernke, R."]
[Black "Scott, A."]
[Result "1-0"]
[WhiteElo "1605"]
[BlackElo "1605"]
[PlyCount "53"]
[EventDate "1993.??.??"]

1. d4 d5 2. c4 e6 3. Nc3 Bb4 4. Nf3 Nf6 5. a3 Bxc3+ 6. bxc3 Nc6 7. e3 O-O 8.
Bd3 Re8 9. O-O e5 10. Nd2 e4 11. Be2 Re6 12. Bb2 Ne8 13. cxd5 Rg6 14. Kh1 Qxd5
15. c4 Qd7 16. Nxe4 Nd6 17. Nc5 Qe7 18. Bd3 Bf5 19. Bxf5 Nxf5 20. Qc2 b6 21.
Qxf5 bxc5 22. Qxc5 Qe4 23. Qd5 Qh4 24. Qd7 Rd8 25. Qxc7 Rdd6 26. d5 Nd8 27. Be5
1-0

[Event "East Lansing (MOR/5/36)"]
[Site "?"]
[Date "1993.??.??"]
[Round "?"]
[White "Koernke, R."]
[Black "MacLean, C."]
[Result "1-0"]
[WhiteElo "1605"]
[BlackElo "1605"]
[PlyCount "69"]
[EventDate "1993.??.??"]

{5/(36)} 1. d4 Nf6 2. c4 e6 3. Nc3 c6 4. e4 d5 5. cxd5 cxd5 6. e5 Ne4 7. Nxe4
dxe4 8. a3 Nc6 9. Ne2 Be7 10. g3 O-O 11. Bg2 f6 12. exf6 Bxf6 13. Bxe4 Nxd4 14.
O-O Nxe2+ 15. Qxe2 Qb6 16. Rb1 Bd7 17. Bd3 Bd4 18. Be3 Rf7 19. Bxd4 Qxd4 20.
Bc4 Rf6 21. Rbd1 Qb6 22. Rxd7 Raf8 23. Rd2 g6 24. Qe4 R8f7 25. Re2 Kg7 26. Qc2
Qc5 27. Qb3 a6 28. Bxe6 Re7 29. Re3 b5 30. Rfe1 Rexe6 31. Rxe6 Qxf2+ 32. Kh1
Rf3 33. Re7+ Kh6 34. Qb4 Rxg3 35. Qh4# 1-0

[Event "East Lansing (MOR/3/11)"]
[Site "?"]
[Date "1993.??.??"]
[Round "?"]
[White "Koernke, R."]
[Black "Gaiefsky, Mike"]
[Result "0-1"]
[WhiteElo "1605"]
[BlackElo "1765"]
[PlyCount "45"]
[EventDate "1993.??.??"]

{3/(11)} 1. d4 Nf6 2. c4 g6 3. Nc3 Bg7 4. e4 d6 5. Nf3 O-O 6. Be2 e5 7. dxe5
dxe5 8. O-O Nc6 9. Bg5 Bg4 10. Nd5 h6 11. Bxf6 Bxf6 12. Qb3 Bxf3 13. Bxf3 Nd4
14. Qxb7 Nxf3+ 15. gxf3 Bh4 16. b3 Qg5+ 17. Kh1 Qh5 18. Ne3 Qxf3+ 19. Ng2 Bxf2
20. Qxc7 Qe2 21. Rfb1 Qc2 22. a4 Qxe4 23. c5 {[Remainder illegible; 0-1, 38?]}
0-1

[Event "Troy (TCC/DEU/1a/6)"]
[Site "?"]
[Date "1993.??.??"]
[Round "?"]
[White "Kocela, M."]
[Black "Hartwig, W."]
[Result "0-1"]
[WhiteElo "1605"]
[BlackElo "1605"]
[PlyCount "120"]
[EventDate "1993.??.??"]

1. d4 d5 2. Nc3 Nf6 3. Nf3 g6 4. Bg5 Bg7 5. e3 O-O 6. Bd3 Bg4 7. h3 Bxf3 8.
Qxf3 c6 9. Ne2 Nfd7 10. h4 f6 11. Bf4 e5 12. e4 exf4 13. exd5 Qb6 14. O-O-O f5
15. c3 Nf6 16. Nxf4 Bh6 17. Kb1 cxd5 18. Nxd5 Nxd5 19. Qxd5+ Kh8 20. h5 Qc6 21.
Qe5+ Qf6 22. hxg6 Qxe5 23. dxe5 Kg7 24. gxh7 Kxh7 25. g3 Nd7 26. f4 Nc5 27. Bc2
Rad8 28. Bxf5+ Kg7 29. Bc2 Rxd1+ 30. Rxd1 Rf7 31. b4 Na6 32. e6 Re7 33. f5 Kf6
34. Rd4 Be3 35. Rh4 Bg5 36. Rh1 Nc7 37. g4 b6 38. Kb2 Nd5 39. Bd1 Ne3 40. Bf3
Nc4+ 41. Kb3 Nd2+ 42. Kc2 Nxf3 43. a4 Ne5 44. Rh8 Nxg4 45. Rf8+ Kg7 46. Rc8 Nf6
47. Kd3 Ne8 48. c4 Kf6 49. Rd8 Kxf5 50. Rd7 Kxe6 51. Rxe7+ Bxe7 52. b5 Bc5 53.
Ke4 Kd6 54. Kd3 Ke5 55. Kc3 Ke4 56. Kb3 Kd4 57. a5 bxa5 58. Ka4 Kxc4 59. Kxa5
Bb6+ 60. Ka4 Nc7 0-1

[Event "Troy (TCC/DEU/3/9)"]
[Site "?"]
[Date "1993.??.??"]
[Round "?"]
[White "Kocela, M."]
[Black "Bloch, S."]
[Result "1-0"]
[WhiteElo "1605"]
[BlackElo "1605"]
[PlyCount "45"]
[EventDate "1993.??.??"]

{3/(9)} 1. d4 e6 2. Nc3 f5 3. Nf3 Nf6 4. Bg5 Be7 5. e3 d6 6. Bd3 Nc6 7. h3 a6
8. a3 b6 9. Qe2 Bb7 10. b4 h6 11. Bxf6 Bxf6 12. Nd2 O-O 13. Nb3 Ne7 14. Rg1 Be4
15. g3 Bxd3 16. Qxd3 g5 17. f4 gxf4 18. gxf4+ Kh8 19. O-O-O Bh4 20. d5 exd5 21.
Nxd5 Bf2 22. Qd4+ Kh7 23. Qg7# 1-0

[Event "East Lansing (MI Op/1a/13)"]
[Site "?"]
[Date "1993.??.??"]
[Round "?"]
[White "Kitts, Gary"]
[Black "Wisckol, Richard"]
[Result "1-0"]
[WhiteElo "2055"]
[BlackElo "1830"]
[PlyCount "121"]
[EventDate "1993.??.??"]

1. e4 c5 2. Nf3 Nc6 3. c3 d6 4. d4 cxd4 5. cxd4 e6 6. Nc3 Nf6 7. Bd3 Bd7 8. O-O
Be7 9. h3 e5 10. d5 Nb4 11. Be2 a5 12. Be3 O-O 13. Nd2 Be8 14. Rb1 Nd7 15. Nc4
f5 16. exf5 Rxf5 17. a3 Na6 18. b4 axb4 19. axb4 Rf8 20. Ne4 Nf6 21. Ng5 Nc7
22. Nb6 Rb8 23. Rc1 Nd7 24. Nxd7 Bxd7 25. Nxh7 Rf7 26. Bd3 Bf5 27. Bxf5 Rxf5
28. Qc2 Rf7 29. Qxc7 Kxh7 30. Qxd8 Bxd8 31. Rc2 Rc7 32. Rxc7 Bxc7 33. Rc1 Bd8
34. b5 Kg6 35. b6 Ra8 36. Kf1 Kf5 37. Ke2 Ke4 38. Rd1 Ra2+ 39. Ke1 Rb2 40. Rc1
Bxb6 41. Bxb6 Rxb6 42. Rc7 Kxd5 43. Rxg7 Rb2 44. h4 b5 45. h5 b4 46. h6 b3 47.
h7 Rb1+ 48. Kd2 Rh1 49. Kc3 Ke4 50. Kxb3 d5 51. Kc2 d4 52. Kd2 d3 53. Rd7 Kf4
54. Rf7+ Ke4 55. g4 Kd4 56. g5 Rh2 57. g6 e4 58. Rd7+ Ke5 59. g7 Rxf2+ 60. Kc3
e3 61. g8=Q 1-0

[Event "East Lansing (MI Op/4/19)"]
[Site "?"]
[Date "1993.??.??"]
[Round "?"]
[White "Kitts, Gary"]
[Black "Steverson, Bunnard"]
[Result "1-0"]
[WhiteElo "2055"]
[BlackElo "1880"]
[PlyCount "112"]
[EventDate "1993.??.??"]

{4/(19)} 1. e4 e6 2. d4 d5 3. Nd2 c5 4. exd5 Qxd5 5. Ngf3 cxd4 6. Bc4 Qc5 7.
Qe2 Nc6 8. Nb3 Qb6 9. O-O Nf6 10. Bg5 Be7 11. Rad1 O-O 12. Nfxd4 Nxd4 13. Rxd4
Qc7 14. Rfd1 e5 15. R4d2 Bf5 16. Bd3 Bxd3 17. Rxd3 Rad8 18. h3 Rxd3 19. Rxd3
Rd8 20. c3 h6 21. Bh4 b6 22. Bg3 Rxd3 23. Qxd3 Bd6 24. Nd2 Nh5 25. Bh2 Qe7 26.
Nc4 Bc7 27. Qe2 Qg5 28. Bxe5 Nf4 29. Bxf4 Qxf4 30. g3 Qf5 31. Qg4 Qxg4 32. hxg4
g5 33. Kg2 Kg7 34. Kf3 Kf6 35. Ke4 Ke6 36. Ne3 Bd6 37. Nf5 Bf8 38. Nd4+ Kd7 39.
Kf5 Bg7 40. Ke4 Bf8 41. Kd5 a6 42. Nf5 f6 43. b4 b5 44. f3 Kc7 45. Ke6 Kc6 46.
Kf7 Bd6 47. Nxd6 Kxd6 48. Kxf6 Kd5 49. Kg6 Kc4 50. Kxh6 Kxc3 51. Kxg5 Kxb4 52.
f4 Kc5 53. f5 b4 54. f6 Kd6 55. Kg6 a5 56. f7 a4 1-0

[Event "East Lansing (MI Op/6/7)"]
[Site "?"]
[Date "1993.??.??"]
[Round "?"]
[White "Kitts, Gary"]
[Black "Czuhai, Kevin"]
[Result "0-1"]
[WhiteElo "2055"]
[BlackElo "2235"]
[PlyCount "75"]
[EventDate "1993.??.??"]

{6/(7)} 1. e4 d6 2. d4 Nf6 3. Nc3 g6 4. Nf3 Bg7 5. Bc4 O-O 6. Bb3 Bg4 7. h3
Bxf3 8. Qxf3 Nc6 9. Be3 a6 10. O-O Rb8 11. Rad1 Qc8 12. Bg5 h6 13. Bh4 g5 14.
Bg3 g4 15. hxg4 Qxg4 16. e5 Qxf3 17. gxf3 Nh5 18. f4 Kh7 19. Nd5 Rbc8 20. c3 e6
21. Ne3 Rg8 22. Kg2 dxe5 23. dxe5 Bf8 24. Kf3 Bc5 25. Ng4 Kg7 26. Bh4 Be7 27.
Rh1 Bc5 28. Rdg1 Kf8 29. Nxh6 Rxg1 30. Rxg1 Ne7 31. Bf6 Ng6 32. Bc2 Nhxf4 33.
Rd1 Be7 34. Rd7 Nd5 35. Nxf7 Nxe5+ 36. Nxe5 Bxf6 37. Ng6+ Kg8 38. Be4 $138 0-1

[Event "Lansing (MI Am/4)"]
[Site "?"]
[Date "1993.??.??"]
[Round "?"]
[White "Kishek, R."]
[Black "Vangilder, W."]
[Result "1/2-1/2"]
[WhiteElo "1605"]
[BlackElo "1605"]
[PlyCount "42"]
[EventDate "1993.??.??"]

1. e4 Nc6 2. Bb5 a6 3. Ba4 Nf6 4. Nc3 g6 5. Nf3 Bg7 6. Bxc6 dxc6 7. d3 O-O 8.
Bd2 Re8 9. Qe2 a5 10. h3 e6 11. Na4 Nd5 12. exd5 exd5 13. Be3 d4 14. Nxd4 Bxd4
15. O-O-O b5 16. Nc3 a4 17. Qf3 b4 18. Bxd4 Qxd4 19. Nb5 cxb5 20. Qxa8 a3 21.
bxa3 Qa1+ 1/2-1/2

[Event "Lansing (MI Am/5)"]
[Site "?"]
[Date "1993.??.??"]
[Round "?"]
[White "Kishek, R."]
[Black "Eckert, William"]
[Result "1-0"]
[WhiteElo "1605"]
[BlackElo "1605"]
[PlyCount "49"]
[EventDate "1993.??.??"]

1. e4 Nf6 2. Nf3 Nxe4 3. d4 d6 4. Bd3 Nf6 5. Nc3 e5 6. dxe5 dxe5 7. Bg5 h6 8.
Bh4 Qe7 9. Qe2 g5 10. Bg3 Bg4 11. O-O-O Bxf3 12. Qxf3 Nc6 13. Rhe1 O-O-O 14.
Qf5+ Nd7 15. Bxe5 f6 16. Nd5 Qf7 17. Bxf6 Bg7 18. Bxd8 Qg8 19. Bxc7 Nd4 20.
Ne7+ Kxc7 21. Qa5+ Nb6 22. Nxg8 Rxg8 23. Bh7 Nc6 24. Qf5 Nc4 25. Bxg8 1-0

[Event "Lansing (MI Am/2)"]
[Site "?"]
[Date "1993.??.??"]
[Round "?"]
[White "Kishek, R."]
[Black "Boyer, Mike"]
[Result "1-0"]
[WhiteElo "1605"]
[BlackElo "1605"]
[PlyCount "85"]
[EventDate "1993.??.??"]

1. e4 e5 2. Nf3 Nf6 3. d4 exd4 4. e5 Ng4 5. Qxd4 Nh6 6. Nc3 Nf5 7. Qd3 d6 8.
Bf4 Nc6 9. O-O-O Nb4 10. Qc4 a5 11. Ng5 Be6 12. Nxe6 fxe6 13. Qxe6+ Ne7 14.
exd6 cxd6 15. Rxd6 Qc8 16. Bb5+ Nbc6 17. Qe5 Ra6 18. Nd5 Qf5 19. Qxf5 Nxf5 20.
Nc7+ Kf7 21. Bc4+ Ke7 22. Re1+ Ne5 23. Rxe5+ Kxd6 24. Nxa6 bxa6 25. Rxf5+ Kc6
26. Bd3 Be7 27. Be4+ Kd7 28. Rxa5 g6 29. Rxa6 Rf8 30. Be3 Rd8 31. a4 Ke8 32. a5
Bb4 33. c3 Be7 34. Re6 Kd7 35. Rb6 Rc8 36. Rb7+ Ke8 37. a6 Kf7 38. a7 Ke6 39.
Rb8 Rxb8 40. axb8=Q Bd6 41. Qe8+ Be7 42. Bc5 Kf6 43. Qxe7# 1-0

[Event "Flint (Class DE/2)"]
[Site "?"]
[Date "1993.??.??"]
[Round "?"]
[White "Kinney, J."]
[Black "Bensek, R."]
[Result "0-1"]
[WhiteElo "1605"]
[BlackElo "1605"]
[PlyCount "34"]
[EventDate "1993.??.??"]

1. d4 d5 2. e4 c6 3. Nc3 e6 4. e5 Ne7 5. Bd3 g6 6. Bg5 Bg7 7. Qe2 O-O 8. h4 h5
9. g4 f6 10. exf6 Bxf6 11. Bxg6 Nxg6 12. gxh5 Bxg5 13. hxg6 Bh6 14. Qh5 Kg7 15.
Nf3 Qf6 16. Ne5 Qxf2+ 17. Kd1 Qd2# 0-1

[Event "East Lansing (MOR/4/41)"]
[Site "?"]
[Date "1993.??.??"]
[Round "?"]
[White "Kinkare, K."]
[Black "Piasecki, Vince"]
[Result "0-1"]
[WhiteElo "1605"]
[BlackElo "1605"]
[PlyCount "46"]
[EventDate "1993.??.??"]

{4/(41)} 1. e4 c5 2. Nc3 Nc6 3. g3 Nf6 4. Bg2 e6 5. d3 Be7 6. Be3 d5 7. a3 d4
8. Bg5 dxc3 9. Bxf6 Bxf6 10. bxc3 Bxc3+ 11. Kf1 Bxa1 12. Qxa1 O-O 13. Ne2 e5
14. f4 f5 15. Qa2+ Kh8 16. fxe5 fxe4+ 17. Nf4 exd3 18. Bf3 d2 19. Kg2 Nxe5 20.
Ne6 Bxe6 21. Qxe6 Nxf3 22. Rd1 Qe8 23. Qd5 Qe2+ 0-1

[Event "East Lansing (MOR/2/41)"]
[Site "?"]
[Date "1993.??.??"]
[Round "?"]
[White "Kincare, K."]
[Black "Rosebrook, G."]
[Result "0-1"]
[WhiteElo "1605"]
[BlackElo "1605"]
[PlyCount "64"]
[EventDate "1993.??.??"]

{2/(41)} 1. e4 c5 2. Nc3 e5 3. Nf3 Nc6 4. Bc4 Nf6 5. d3 Be7 6. O-O d6 7. h3 Bd7
8. a3 a6 9. b4 Qc8 10. Nd5 Nxd5 11. Bxd5 cxb4 12. Bg5 bxa3 13. Bxe7 Nxe7 14.
Ng5 Nxd5 15. exd5 Bf5 16. Qf3 Bg6 17. Rfe1 Qc3 18. d4 Qxd4 19. Rxa3 O-O 20.
Rae3 Qf4 21. R1e2 Qxg5 22. c4 f5 23. g3 Qh6 24. c5 Bh5 25. Qg2 Bxe2 26. Rxe2
Qc1+ 27. Kh2 Qxc5 28. g4 f4 29. Qe4 Rac8 30. g5 f3 31. Rc2 Qxc2 32. Qxc2 Rxc2
0-1

[Event "East Lansing (MOR/6/48)"]
[Site "?"]
[Date "1993.??.??"]
[Round "?"]
[White "Kincare, K."]
[Black "Boyle, R."]
[Result "1-0"]
[WhiteElo "1605"]
[BlackElo "1605"]
[PlyCount "41"]
[EventDate "1993.??.??"]

{6/(48)} 1. e4 e5 2. Nf3 Nc6 3. Bb5 Bc5 4. Nc3 a6 5. Ba4 b5 6. Bb3 Nf6 7. O-O
Bb4 8. d3 d6 9. Nd5 Be6 10. Nxf6+ Qxf6 11. c3 Ba5 12. Bd5 Bd7 13. d4 Rb8 14.
Ng5 O-O 15. Qh5 h6 16. h4 hxg5 17. hxg5 Qg6 18. Qxg6 exd4 19. Qh5 dxc3 20. g6
Ne5 21. Qh7# 1-0

[Event "East Lansing (May)"]
[Site "?"]
[Date "1993.??.??"]
[Round "?"]
[White "Kim, E."]
[Black "Harrison, T."]
[Result "0-1"]
[WhiteElo "1605"]
[BlackElo "1605"]
[PlyCount "46"]
[EventDate "1993.??.??"]

1. e4 c5 2. Nc3 Nc6 3. Nf3 d6 4. d4 cxd4 5. Nxd4 Nf6 6. h3 e6 7. Be3 Be7 8. Be2
O-O 9. O-O a6 10. Nf3 b5 11. a3 Bb7 12. Bd3 Qc7 13. Ne2 Na5 14. b3 Nxe4 15. b4
Nc4 16. Bf4 Bf6 17. Bxe4 Bxa1 18. Bxb7 Qxb7 19. Bxd6 Nxd6 20. Qxd6 Rfd8 21. Qf4
Bf6 22. Ned4 Rd5 23. Ne5 Bxe5 0-1

[Event "Eastpointe (MI Action/5/19)"]
[Site "?"]
[Date "1993.??.??"]
[Round "?"]
[White "Kielb, M."]
[Black "Smith, Ed"]
[Result "0-1"]
[WhiteElo "1605"]
[BlackElo "1820"]
[PlyCount "70"]
[EventDate "1993.??.??"]

{5/(19)} 1. e4 c5 2. Nf3 Nc6 3. d4 cxd4 4. Nxd4 d6 5. Bb5 Bd7 6. Be3 Nf6 7. Nc3
a6 8. Bc4 e6 9. Qf3 Be7 10. O-O-O Ne5 11. Qe2 Nxc4 12. Qxc4 Rc8 13. Qe2 b5 14.
b3 Rxc3 15. Bd2 Rc8 16. g4 d5 17. e5 Ne4 18. f4 Nc3 19. Bxc3 Rxc3 20. Kb2 Rc8
21. Rhf1 Qc7 22. Rd3 b4 23. f5 Bb5 24. fxe6 Bxd3 25. exf7+ Kd7 26. e6+ Kd8 27.
f8=Q+ Rxf8 28. Rxf8+ Bxf8 29. e7+ Qxe7 30. Ne6+ Ke8 31. Qxd3 Qxe6 32. Qxh7 Qxg4
33. Qd3 Qe6 34. Qf1 g6 35. Qg2 Bg7+ 0-1

[Event "Eastpointe (MI Action/1/10)"]
[Site "?"]
[Date "1993.??.??"]
[Round "?"]
[White "Kielb, M."]
[Black "Moody, David"]
[Result "0-1"]
[WhiteElo "1605"]
[BlackElo "2000"]
[PlyCount "38"]
[EventDate "1993.??.??"]

{1/(10)} 1. e4 e5 2. Nf3 Nc6 3. Bb5 a6 4. Ba4 Nf6 5. O-O Be7 6. Re1 b5 7. Bb3
O-O 8. c3 d5 9. exd5 Nxd5 10. h3 Bb7 11. Nxe5 Nxe5 12. Rxe5 Nf4 13. d4 Nxg2 14.
f3 Nh4 15. Nd2 Bd6 16. Re1 Qg5+ 17. Kf2 Qg3+ 18. Ke3 Rae8+ 19. Ne4 Rxe4+ 0-1

[Event "Ann Arbor (HVA/1/20)"]
[Site "?"]
[Date "1993.??.??"]
[Round "?"]
[White "Kielb, M."]
[Black "Collins, Charles"]
[Result "0-1"]
[WhiteElo "1605"]
[BlackElo "1725"]
[PlyCount "60"]
[EventDate "1993.??.??"]

{1/(20)} 1. e4 Nf6 2. e5 Nd5 3. c4 Nb6 4. d4 d6 5. Nf3 Nc6 6. Bd3 Bg4 7. h3
Bxf3 8. Qxf3 dxe5 9. dxe5 Nxe5 10. Qe3 Nxd3+ 11. Ke2 Nxc1+ 12. Rxc1 e6 13. Qe5
Qd6 14. Qe4 c5 15. Qxb7 Qe5+ 16. Kf1 Be7 17. Nc3 O-O 18. Qxe7 Nxc4 19. Re1 Nd2+
20. Kg1 Qf5 21. Re2 Rfe8 22. Qc7 Nc4 23. Rae1 Rab8 24. Re5 Nxe5 25. Rxe5 Qc2
26. Rxc5 Rxb2 27. Ne4 Qxe4 28. Qd7 Rb1+ 29. Kh2 Qf4+ 30. g3 Qxf2# 0-1

[Event "Ann Arbor (HVA/4/21)"]
[Site "?"]
[Date "1993.??.??"]
[Round "?"]
[White "Kielb, M."]
[Black "Caron, L."]
[Result "1/2-1/2"]
[WhiteElo "1605"]
[BlackElo "1605"]
[PlyCount "110"]
[EventDate "1993.??.??"]

{4/(21)} 1. e4 c5 2. Nf3 Nc6 3. d4 cxd4 4. Nxd4 Nf6 5. Nc3 g6 6. e5 Nxe5 7. Bf4
d6 8. Bxe5 dxe5 9. Ndb5 Bd7 10. Nd5 Nxd5 11. Qxd5 f6 12. Qxb7 Bxb5 13. Bxb5+
Kf7 14. Rd1 Qc8 15. Bc4+ Kg7 16. Qd5 Qe8 17. O-O h5 18. f4 exf4 19. Rxf4 f5 20.
Re1 Rd8 21. Qe5+ Kh7 22. Rf3 Rd6 23. Rd3 Rxd3 24. Bxd3 Bg7 25. Qxe7 Qxe7 26.
Rxe7 a5 27. b3 Kh6 28. c4 Bd4+ 29. Kf1 Rd8 30. Re6 Bc3 31. Bxf5 Rd1+ 32. Ke2
Rd2+ 33. Ke3 Rxg2 34. c5 Rg1 35. c6 Re1+ 36. Kd3 Rxe6 37. Bxe6 Be5 38. h4 Kg7
39. Kc4 Kf6 40. Bc8 Ke7 41. Kd5 Bc7 42. a3 Kd8 43. Ba6 Bb8 44. Bd3 Bg3 45. Bxg6
Bxh4 46. Bxh5 Be1 47. Kc5 Kc7 48. Bf3 Bf2+ 49. Kb5 Bb6 50. b4 axb4 51. axb4 Ba7
52. Ka6 Bb6 53. Kb5 Bd4 54. Kc4 Bb6 55. Kd5 Ba7 1/2-1/2

[Event "Eastpointe (MI Action/3/20)"]
[Site "?"]
[Date "1993.??.??"]
[Round "?"]
[White "Kielb, M."]
[Black "Bezrutch, B."]
[Result "0-1"]
[WhiteElo "1605"]
[BlackElo "1605"]
[PlyCount "45"]
[EventDate "1993.??.??"]

{3/(20)} 1. e4 c5 2. Nf3 Nc6 3. d4 cxd4 4. Nxd4 Nf6 5. Nc3 d6 6. Be3 e6 7. Bb5
Bd7 8. Qf3 Rc8 9. O-O-O Be7 10. e5 Nd5 11. Nxc6 bxc6 12. Nxd5 cxd5 13. exd6
Bxd6 14. Bd3 O-O 15. Bxa7 Ra8 16. Bd4 Rxa2 17. Rhe1 Qb8 18. Kd2 Qb4+ 19. Bc3
Qb6 20. Ra1 Rfa8 21. Rxa2 Rxa2 22. Qg4 f6 23. Bxf6 0-1

[Event "Flint (MI Jr/2)"]
[Site "?"]
[Date "1993.??.??"]
[Round "?"]
[White "Khraizat, Ali"]
[Black "Smith, Lester"]
[Result "0-1"]
[WhiteElo "1605"]
[BlackElo "1605"]
[PlyCount "94"]
[EventDate "1993.??.??"]

1. d4 c5 2. dxc5 Qa5+ 3. Nc3 Qxc5 4. Nf3 Nf6 5. Bg5 b6 6. Bxf6 gxf6 7. g3 Bb7
8. Bg2 Nc6 9. O-O Bh6 10. Bh3 e6 11. Qd3 f5 12. Rad1 Rd8 13. a3 f4 14. Ne4 Ne5
15. Nxc5 Nxd3 16. Nxd3 fxg3 17. fxg3 Rg8 18. Nfe5 Rg7 19. Bg2 Be3+ 20. Kh1 Ba6
21. Nb4 Bxe2 22. Rxf7 Rxf7 23. Nxf7 Bxd1 24. Nxd8 Kxd8 25. h4 e5 26. Be4 Bc1
27. Nd3 Bxc2 28. Bxh7 Bxb2 29. Nxb2 Bxh7 30. Kg2 d5 31. g4 e4 32. h5 Ke7 33.
Kg3 d4 34. g5 Bg8 35. Kf4 e3 36. Ke4 e2 37. Nd3 Bc4 38. Ne1 d3 39. Ke3 Kf7 40.
Kd2 Kg7 41. Nf3 a5 42. Ne5 b5 43. h6+ Kh7 44. Nc6 b4 45. axb4 a4 46. Nd4 a3 47.
Nc2 dxc2 0-1

[Event "Flint (MI Jr/4)"]
[Site "?"]
[Date "1993.??.??"]
[Round "?"]
[White "Khraizat, Ali"]
[Black "Hill, Brent"]
[Result "0-1"]
[WhiteElo "1605"]
[BlackElo "1605"]
[PlyCount "54"]
[EventDate "1993.??.??"]

1. e4 c5 2. Bc4 e6 3. Nc3 Nc6 4. d3 h6 5. Be3 Nf6 6. Bb5 d5 7. Bxc6+ bxc6 8.
Bf4 Be7 9. e5 Nd7 10. Qg4 Bg5 11. Bg3 O-O 12. h4 f5 13. exf6 Bxf6 14. Qxe6+ Rf7
15. Qxc6 Nb6 16. Na4 Bd7 17. Qxc5 Nxa4 18. Qc7 Qxc7 19. Bxc7 Re7+ 20. Ne2 Bxb2
21. Rb1 Nc3 22. Rxb2 Rxe2+ 23. Kf1 Rae8 24. g3 Bc6 25. f4 d4 26. Rg1 Re1+ 27.
Kf2 R8e2# 0-1

[Event "Flint (Class DE/1)"]
[Site "?"]
[Date "1993.??.??"]
[Round "?"]
[White "Ketz, J."]
[Black "Harrell, J."]
[Result "0-1"]
[WhiteElo "1605"]
[BlackElo "1605"]
[PlyCount "86"]
[EventDate "1993.??.??"]

1. c4 Nf6 2. Nf3 d6 3. d4 g6 4. g3 Bg7 5. Bg2 O-O 6. O-O Nbd7 7. Nc3 c6 8. Bf4
Nb6 9. b3 Bd7 10. Re1 Qc7 11. e4 Nh5 12. Ne2 Nxf4 13. Nxf4 Bg4 14. Qc2 e5 15.
dxe5 Bxf3 16. Bxf3 Bxe5 17. Rad1 Nd7 18. Nd3 Bg7 19. Bg4 Ne5 20. Nxe5 Bxe5 21.
Bh3 Rad8 22. Bg2 Qb6 23. Qd2 Rfe8 24. Bh3 a5 25. Qe3 Qb4 26. Qg5 a4 27. Rb1
axb3 28. axb3 Qb6 29. Bf5 Kg7 30. Qg4 Bd4 31. Rf1 c5 32. h4 h5 33. Qg5 Bf6 34.
Qf4 gxf5 35. Qxf5 Re5 36. Qf3 Qc6 37. Rbe1 Rde8 38. g4 Bxh4 39. gxh5 Rg5+ 40.
Kh1 Qd7 41. Qf4 Qh3+ 42. Qh2 Qf3+ 43. Qg2 Qxg2# 0-1

[Event "Flint (Class DE/5)"]
[Site "?"]
[Date "1993.??.??"]
[Round "?"]
[White "Ketz, J."]
[Black "Aydar, N."]
[Result "0-1"]
[WhiteElo "1605"]
[BlackElo "1605"]
[PlyCount "96"]
[EventDate "1993.??.??"]

1. c4 Nc6 2. Nf3 g6 3. g3 Bg7 4. Bg2 Nf6 5. O-O O-O 6. Nc3 d6 7. d4 Bf5 8. b3
Nb4 9. d5 Nd7 10. Bf4 Bxc3 11. Rc1 Bb2 12. Rb1 Bxb1 13. Qxb1 Bg7 14. e4 Ne5 15.
Ng5 Nbd3 16. Rd1 Nxf4 17. gxf4 Nd7 18. Bh3 Nc5 19. e5 h6 20. Ne4 Nd7 21. e6 Nf6
22. Ng3 Nh5 23. Ne2 f5 24. Rd3 Qc8 25. Re3 c6 26. Qd3 c5 27. Nc3 Nxf4 28. Qc2
Nxh3+ 29. Kg2 Nf4+ 30. Kg1 Bd4 31. Rf3 Be5 32. Nb1 Qe8 33. Nd2 Ne2+ 34. Kf1 Nd4
35. Qd3 Nxf3 36. Qxf3 Bxh2 37. Qh3 Be5 38. Nf3 Bg7 39. Nh4 Rf6 40. Nf3 a5 41.
Nd2 g5 42. Nb1 Qg6 43. Na3 g4 44. Qg2 Qg5 45. Nb5 f4 46. Nc3 f3 47. Qg3 Qc1+
48. Nd1 Qxd1# 0-1

[Event "Flint (Beg/1)"]
[Site "?"]
[Date "1993.??.??"]
[Round "?"]
[White "Kenworthy, Matt"]
[Black "Young, O."]
[Result "1-0"]
[WhiteElo "1605"]
[BlackElo "1605"]
[PlyCount "45"]
[EventDate "1993.??.??"]

1. e4 e5 2. Nf3 Qf6 3. d4 exd4 4. Nxd4 Bc5 5. Be3 Nc6 6. Nxc6 Bxe3 7. fxe3 Qxc6
8. Nc3 Nf6 9. Bd3 d6 10. Bb5 Qxb5 11. Nxb5 O-O 12. Nxc7 Rb8 13. Qxd6 Nxe4 14.
Qf4 f5 15. Na6 bxa6 16. Qxb8 Be6 17. Qxa7 Bd5 18. Qxa6 Nf6 19. c4 Bxg2 20. Rg1
Be4 21. Qa7 Ng4 22. h3 Ne5 23. Qxg7# 1-0

[Event "East Lansing (MOR/1b/15)"]
[Site "?"]
[Date "1993.??.??"]
[Round "?"]
[White "Kenworthy, Matt"]
[Black "Vandenburg, V.E."]
[Result "1-0"]
[WhiteElo "1605"]
[BlackElo "1605"]
[PlyCount "81"]
[EventDate "1993.??.??"]

1. e4 e6 2. Nc3 a6 3. Bc4 b5 4. Bb3 Bb7 5. d3 c5 6. a3 Be7 7. Be3 d6 8. Nf3 Nf6
9. O-O Qb6 10. h3 Nc6 11. a4 b4 12. Ne2 Na5 13. Nd2 Rc8 14. Nc4 Nxc4 15. Bxc4
Qc6 16. Nf4 Nxe4 17. dxe4 g5 18. Nh5 Qxe4 19. Qg4 Qxc2 20. Bc1 Qg6 21. Be2 f5
22. Qc4 d5 23. Qb3 c4 24. Qe3 O-O 25. Qb6 Rb8 26. Qc7 Qf7 27. Be3 Rfd8 28. Ba7
Rdc8 29. Qd7 Bc6 30. Qxc6 Rxc6 31. Bxb8 Qg6 32. Rfe1 g4 33. Nf4 Qg7 34. hxg4
fxg4 35. Rab1 Bc5 36. Nh5 Qg5 37. Bxg4 Rc8 38. Bxe6+ Kf8 39. Bxc8 Qxh5 40. Re6
Qf5 41. Re8+ 1-0

[Event "Flint (Beg/3)"]
[Site "?"]
[Date "1993.??.??"]
[Round "?"]
[White "Kenworthy, Matt"]
[Black "LaFerriere, Larry"]
[Result "1-0"]
[WhiteElo "1605"]
[BlackElo "1605"]
[PlyCount "81"]
[EventDate "1993.??.??"]

1. e4 e5 2. f4 d6 3. Nf3 Qe7 4. c3 c6 5. d4 exf4 6. Bd3 Bg4 7. Bxf4 Bxf3 8.
Qxf3 Qh4+ 9. Qg3 Be7 10. Qxh4 Bxh4+ 11. g3 Bd8 12. Bxd6 Nd7 13. Be5 f6 14. Bd6
Ne7 15. e5 O-O 16. O-O fxe5 17. dxe5 Bb6+ 18. Kg2 Rf7 19. e6 Rf6 20. Rxf6 Nxf6
21. Bxe7 Ng4 22. Nd2 Ne3+ 23. Kf3 Nd5 24. Ba3 Re8 25. Re1 g5 26. Ne4 h6 27. c4
Ba5 28. Re2 Nc7 29. Nf6+ Kg7 30. Nxe8+ Nxe8 31. e7 h5 32. h4 g4+ 33. Kf4 Bc7+
34. Kg5 Nf6 35. Kf5 Bxg3 36. Bc5 Kf7 37. Bd4 Bxh4 38. Bxf6 Bxf6 39. e8=Q+ Kg7
40. Qg6+ Kh8 41. Kxf6 1-0